pierwiastki na chemie - Statystyki

Ogólne statystyki
  • Ten quiz został rozwiązany 22 razy
  • Średni wynik to 26 z 30
Statystyki odpowiedzi
Odpowiedź % Poprawnych
tlen O
100%
bor B
94%
beryl Be
94%
węgiel C
94%
fluor F
94%
wodór H
94%
hel He
94%
potas K
94%
lit Li
94%
magnez Mg
94%
azot N
94%
neon Ne
94%
siarka S
94%
argon Ar
88%
Bar ba
88%
żelazo Fe
88%
sód Na
88%
fosfor P
88%
srebro Ag
81%
glin Al
81%
złoto au
81%
Brom Br
81%
wapń Ca
81%
Chlor Cl
81%
Jod I
75%
ołów Pb
75%
Krzem Si
75%
miedź Cu
69%
cynk Zn
69%
rtęć hg
63%
Nie znaleziono quizów pasujących do podanych kryteriów
Rozkład punktacji
Procent ludzi z każdym wynikiem
Percentyl według liczby udzielonych odpowiedzi
Twoja historia wyników
Nie rozwiązałeś tego quizu